000 00352 a2200121 4500
001 ART_62583
005 20260410161802.0
008 260409a
245 1 0 _aCertificados de residencia fiscal
100 1 _aVaquero, Fernando M.
700 1 _aMazzilli, Santiago T.
773 0 _tDoctrina tributaria
_g- NÂș 542 (mayo 2025)
_wREV4296
999 _c20693
_d20693